Účtovníctvo a opravné položky
Prezentácia účtovníctva ako nástroja finančnej situácie podniku. Opravné položky ako nástroj eliminácie rizika nadhodnotenia majetku.
Enregistré dans:
| Auteur principal: | |
|---|---|
| Format: | Chapitre de livre |
| Langue: | slovaque |
| Sujets: | |
| Tags: |
Pas de tags, Soyez le premier à ajouter un tag!
|
MARC
| LEADER | 00000nla$a2200000$$$4500 | ||
|---|---|---|---|
| 001 | 0102778 | ||
| 005 | 20221207082209.7 | ||
| 041 | 0 | |a slo | |
| 044 | |a SK | ||
| 245 | 1 | 0 | |a Účtovníctvo a opravné položky |c Emília Rybárová |
| 520 | |a Prezentácia účtovníctva ako nástroja finančnej situácie podniku. Opravné položky ako nástroj eliminácie rizika nadhodnotenia majetku. | ||
| 610 | 2 | 0 | |a situácia finančná podniku |
| 610 | 2 | 0 | |a účtovníctvo |
| 610 | 2 | 0 | |a majetok hmotný |
| 610 | 2 | 0 | |a majetok podnikový |
| 610 | 2 | 0 | |a položky opravné |
| 610 | 2 | 0 | |a nástroje finančné |
| 610 | 2 | 0 | |a hodnota podniku |
| 100 | 1 | |a Rybárová, Emília | |